000 00495cam a2200193ua 4500
001 2972
005 20260515113619.0
008 110920n ii |||gr||||Z||||||asm
040 _cMAIN
082 _a920
100 1 _aKhan, M. Abdul Majid,
_eAuthor.
245 1 1 _aShilar akharere likha nam
_cby M. Abdul Majid Khan
250 _a1st.
260 _aDibrugarh:
_bBanalata,988.
300 _a62p:
_c23cm.
653 _aBiography
653 _aBiography of Shilar akharere likha nam
942 _cBK
999 _c2818
_d2818